000 00325nam a22001337a 4500
020 _a978-81-8360-173-3
041 _aENG
100 _aSharma.D.N
245 _aDesign Of Agricultural Tractor Principles And Problems
260 _aNew Delhi
_bJain Brothers
_c2010
300 _a314
650 _a FMP
856 _u FMP ( 04 )
999 _c1479
_d1479